Estatutos generales de Barcelona para la familia cismontana de la regular observancia de N.P.S. Francisco.

Detalles Bibliográficos
Formato: Libro
Publicado: Madrid 1746
Materias:
Colección:Banco de datos
Acervo:Biblioteca del Museo Regional de Querétaro. INAH. Querétaro
Tema general:Religiosos
Notas:Mala. Marca de fuego 12. 4X5, 12.
LEADER 00726nam a22001810004500
035 |a 32050 
036 |a 62 
245 1 0 |a Estatutos generales de Barcelona para la familia cismontana de la regular observancia de N.P.S. Francisco. 
260 |a Madrid  |b Herederos de la Viuda de Juan García Infanzón imp.  |c 1746 
500 |a Mala. Marca de fuego 12. 4X5, 12. 
650 1 0 |a Religiosos 
949 |a C.R.Q. 
959 |a Ex convento Grande de San Francisco de la ciudad de Querétaro, Museo Regional de Querétaro  |b CCC2 
960 |a Marcas no identificadas de Querétaro  |b DD81 
961 |a Varias Ordenes Religiosas  |b VO 
942 |c C.R.Q. 
943 |g Biblioteca del Museo Regional de Querétaro. INAH. Querétaro 
999 |c 988366  |d 988366